Diseño y Construcción Hipoclorador de carga constante en el medio rural
Contiene la propuesta de un sistema de cloración para la desinfección del agua. Se determina las condiciones de funcionamiento de un Hipoclorador líquido de carga constante instalado en el medio rural. Este sistema de cloración presenta las siguientes características, bajo costo de adquisición...
| Main Authors: | , |
|---|---|
| Other Authors: | |
| Format: | Tesis Section = Libro |
| Language: | Undetermined Spanish |
| Published: |
Managua
Universidad Nacional Autónoma de Nicaragua (UNAN)
1989
|
| Subjects: |
| LEADER | 01216nam a2200229Ia 4500 | ||
|---|---|---|---|
| 008 | 240830s9999 xx 000 0 und d | ||
| 040 | |a BIBLIOTECA-RUPAP MON 628.16 M843 | ||
| 041 | |a spa | ||
| 082 | |a MON 628.16 M843 | ||
| 100 | 1 | |a Moreno Ruiz, Francisco José | |
| 100 | 1 | |b Cabrera Rosales, Carlos Alberto | |
| 245 | 1 | 0 | |a Diseño y Construcción Hipoclorador de carga constante en el medio rural |
| 260 | |a Managua |b Universidad Nacional Autónoma de Nicaragua (UNAN) |c 1989 | ||
| 300 | |a 66 p. :il. | ||
| 502 | |a Tesis (Ingeniero Civil)- UNI, 1989. | ||
| 520 | 3 | |a Contiene la propuesta de un sistema de cloración para la desinfección del agua. Se determina las condiciones de funcionamiento de un Hipoclorador líquido de carga constante instalado en el medio rural. Este sistema de cloración presenta las siguientes características, bajo costo de adquisición o confección, facilidad de operación (sencilla y económica), bajo costos de mantenimiento, facilidad de obtención del desinfectante y simplicidad en la instalación del aparato. | |
| 650 | 7 | |a AGUA-PURIFICACION | |
| 650 | 7 | |b SANEAMIENTO | |
| 700 | 1 | |a Tutor: |b Vado Alvárez, Sergio | |
| 942 | |c BK |2 ddc | ||
| 991 | |a TESIS | ||
| 999 | |c 16265 | ||